Statistiken für Bundesliga Elf des Tages: 6. Spieltag 2023/2024

Klicken Sie hier um das Quiz zu spielen!

Allgemein

  • Dieses Quiz wurde 68 mal gespielt
  • Das Durchschnittsergebnis liegt bei 6 aus 11

Antwortstatistiken

PositionVereinSpieler% Korrekt
Torwart1. FC HeidenheimKevin Müller
83%
AbwehrBayer 04 LeverkusenAlejandro Grimaldo
70%
MittelfeldFC Bayern MünchenLeroy Sané
70%
AngriffVfB StuttgartDeniz Undav
61%
AngriffBorussia MönchengladbachAlassane Plea
59%
MittelfeldSC FreiburgVincenzo Grifo
53%
AbwehrRB LeipzigCastello Lukeba
50%
AbwehrSC FreiburgPhilipp Lienhart
41%
MittelfeldSV Darmstadt 98Marvin Mehlem
25%
AbwehrSV Darmstadt 98Matthias Bader
23%
Mittelfeld1. FC HeidenheimLennard Maloney
22%

Verteilung der Resultate

Perzentil nach korrekt beantworteten Fragen

Anzahl Personen mit jedem Resultat

Ihre Resultats-Entwicklung

Sie haben dieses Quiz noch nicht gespielt